[Event "4NCL Division 3s"]
[Site "Daventry Court ENG"]
[Date "2014.01.11"]
[Round "3.126"]
[White "Mercs, Peter J"]
[Black "Gibson, Christopher A"]
[Result "0-1"]
[WhiteElo "2075"]
[BlackElo "2010"]
[PlyCount "66"]
[EventDate "2014.01.11"]
[WhiteTeam "Ashfield-Breadsall"]
[BlackTeam "The Rookies"]

1. e4 c5 2. Nf3 Nc6 3. d4 cxd4 4. Nxd4 Nf6 5. Nc3 e5 6. Ndb5 d6 7. Bg5 a6 8.
Na3 b5 9. Nd5 Be7 10. Bxf6 Bxf6 11. c3 O-O 12. Nc2 Bg5 13. h4 Bh6 14. g4 Bf4
15. g5 Bb7 16. a4 bxa4 17. Rxa4 a5 18. Bc4 Ne7 19. Nce3 Bxe3 20. Nxe3 Bxe4 21.
Bxf7+ Rxf7 22. Rxe4 Qb6 23. Qc2 Raf8 24. Rh2 d5 25. Rg4 d4 26. cxd4 exd4 27.
Nc4 Qb4+ 28. Kf1 Nc6 29. Re4 Qb8 30. Kg1 Nb4 31. Qb3 Rf3 32. Qd1 Nd3 33. Nd2
Nxf2 0-1

[Event "4NCL Division 3s"]
[Site "Daventry Court ENG"]
[Date "2014.01.11"]
[Round "3.127"]
[White "Piper, Stephen J"]
[Black "Walker, Andrew N"]
[Result "1/2-1/2"]
[WhiteElo "2057"]
[BlackElo "2110"]
[PlyCount "42"]
[EventDate "2014.01.11"]
[WhiteTeam "The Rookies"]
[BlackTeam "Ashfield-Breadsall"]

1. g3 f5 2. Bg2 Nf6 3. d4 e6 4. c4 Be7 5. Nc3 O-O 6. e3 d6 7. Nge2 c6 8. b3 Qe8
9. Bb2 Na6 10. a3 Rb8 11. b4 Nc7 12. a4 e5 13. d5 Nh5 14. f4 e4 15. Nd4 Na6 16.
b5 Nb4 17. Bf1 c5 18. Nc2 Bf6 19. Be2 g6 20. Qd2 Nxc2+ 21. Qxc2 Ng7 1/2-1/2

[Event "4NCL Division 3s"]
[Site "Daventry Court ENG"]
[Date "2014.01.11"]
[Round "3.128"]
[White "Taylor, Robert P"]
[Black "Jaszkiwskyj, Peter"]
[Result "1/2-1/2"]
[WhiteElo "1901"]
[BlackElo "1963"]
[PlyCount "79"]
[EventDate "2014.01.11"]
[WhiteTeam "Ashfield-Breadsall"]
[BlackTeam "The Rookies"]

1. d4 d5 2. Bf4 Nf6 3. Nf3 c5 4. e3 Nc6 5. Nc3 Bg4 6. Be2 e6 7. O-O cxd4 8. Nb5
Rc8 9. Nbxd4 Bd6 10. Nxc6 bxc6 11. Bxd6 Qxd6 12. h3 Bh5 13. c4 O-O 14. cxd5
cxd5 15. Nd4 Bg6 16. Bd3 Ne4 17. Rc1 Qb6 18. Qb3 Qa5 19. Bxe4 Bxe4 20. Nc6 Qc7
21. Qa3 Kh8 22. Nxa7 Qxc1 23. Rxc1 Rxc1+ 24. Kh2 Kg8 25. b4 Rc2 26. Kg3 h5 27.
h4 d4 28. exd4 Bd5 29. b5 Rxa2 30. Qc5 Ra4 31. Nc8 Rc4 32. Ne7+ Kh7 33. Qa7 Ra8
34. Qb6 Ra3+ 35. f3 Rb4 36. Qd8 Ra8 37. Qb6 Raa4 38. Qd8 Ra8 39. Qb6 Raa4 40.
Qd8 1/2-1/2

[Event "4NCL Division 3s"]
[Site "Daventry Court ENG"]
[Date "2014.01.11"]
[Round "3.129"]
[White "Conterno, Dominique"]
[Black "Jarvis, Derek A"]
[Result "1/2-1/2"]
[WhiteElo "1836"]
[BlackElo "1889"]
[PlyCount "55"]
[EventDate "2014.01.11"]
[WhiteTeam "The Rookies"]
[BlackTeam "Ashfield-Breadsall"]

1. e4 e6 2. d3 d5 3. Nd2 c5 4. Ngf3 Nc6 5. g3 g6 6. Bg2 Bg7 7. O-O Nge7 8. Re1
O-O 9. e5 Qc7 10. Qe2 b6 11. Nf1 a5 12. Bf4 Ba6 13. c3 b5 14. h4 b4 15. N1h2 a4
16. Qd2 a3 17. bxa3 bxc3 18. Qxc3 Qa5 19. Qxa5 Nxa5 20. Bf1 c4 21. d4 c3 22.
Rac1 Rfc8 23. Re3 c2 24. Bxa6 Rxa6 25. Re2 Nc4 26. Rexc2 Rxa3 27. Nd2 h5 28.
Nxc4 1/2-1/2

[Event "4NCL Division 3s"]
[Site "Daventry Court ENG"]
[Date "2014.01.11"]
[Round "3.130"]
[White "Graham, Neil"]
[Black "Ressel, Eva"]
[Result "1-0"]
[WhiteElo "1856"]
[BlackElo "1535"]
[PlyCount "59"]
[EventDate "2014.01.11"]
[WhiteTeam "Ashfield-Breadsall"]
[BlackTeam "The Rookies"]

1. d4 Nf6 2. f3 e6 3. e4 d5 4. Be3 dxe4 5. Nd2 exf3 6. Ngxf3 Nc6 7. c3 Bd7 8.
Bd3 Bd6 9. O-O h6 10. Nc4 O-O 11. Qd2 Ng4 12. Nxd6 Nxe3 13. Nxb7 Nxf1 14. Rxf1
Qe7 15. Nc5 Rfd8 16. Nb7 Re8 17. Nc5 e5 18. Nxd7 Qxd7 19. Bb5 Rad8 20. d5 Re7
21. Bxc6 Qd6 22. Qe3 a6 23. a3 Rb8 24. b4 a5 25. Nh4 g6 26. Qxh6 axb4 27. axb4
e4 28. Qg5 Kh7 29. Rf6 Qd8 30. Nf5 1-0

[Event "4NCL Division 3s"]
[Site "Daventry Court ENG"]
[Date "2014.01.11"]
[Round "3.137"]
[White "Flynn, David"]
[Black "Singleton, Michael PF"]
[Result "0-1"]
[WhiteElo "1932"]
[BlackElo "2125"]
[PlyCount "80"]
[EventDate "2014.01.11"]
[WhiteTeam "e2e4.org.uk 4"]
[BlackTeam "Guildford 4"]

1. e4 c5 2. d4 cxd4 3. c3 d5 4. exd5 Qxd5 5. cxd4 Nc6 6. Nf3 e5 7. Nc3 Bb4 8.
Bd2 Bxc3 9. Bxc3 e4 10. Ne5 Nxe5 11. dxe5 Ne7 12. Qe2 O-O 13. Rd1 Qxa2 14. Qxe4
Bf5 15. Qxb7 Rad8 16. Be2 Rxd1+ 17. Bxd1 Nd5 18. Qb3 Qxb3 19. Bxb3 Nxc3 20.
bxc3 Rb8 21. Bd1 Rb2 22. O-O Bd3 23. Re1 Rb1 24. f4 Bc2 25. Kf2 Rxd1 26. Re2
Bd3 27. Rb2 g6 28. e6 fxe6 29. Rb8+ Kg7 30. Rb7+ Kf6 31. Rxa7 h5 32. Ke3 Bc4
33. Rc7 Bd5 34. g3 Bg2 35. c4 Rd6 36. Ra7 Bc6 37. Ra6 Ke7 38. c5 Rd3+ 39. Ke2
Bb5 40. Ra7+ Rd7+ 0-1

[Event "4NCL Division 3s"]
[Site "Daventry Court ENG"]
[Date "2014.01.11"]
[Round "3.145"]
[White "Ukken, Somton"]
[Black "Perrett, David C"]
[Result "1-0"]
[WhiteElo "1926"]
[BlackElo "1969"]
[PlyCount "45"]
[EventDate "2014.01.11"]
[WhiteTeam "Midland Monarchs"]
[BlackTeam "The Full Ponty"]

1. d4 f5 2. Nc3 d5 3. Bg5 c6 4. e3 Nf6 5. Bxf6 exf6 6. Bd3 Be6 7. Qf3 g6 8.
Nge2 Bd6 9. h3 Nd7 10. g4 fxg4 11. hxg4 Nf8 12. O-O-O Qe7 13. e4 O-O-O 14. exd5
cxd5 15. Kb1 Qf7 16. Nf4 Bxf4 17. Qxf4 a6 18. Rde1 Bd7 19. Re3 Ne6 20. Qd6 Nc7
21. Re7 Qf8 22. Na4 Qxe7 23. Nb6+ 1-0

[Event "4NCL Division 3s"]
[Site "Daventry Court ENG"]
[Date "2014.01.11"]
[Round "3.146"]
[White "Davies, Peter L"]
[Black "Mirza, Gabriel"]
[Result "1-0"]
[WhiteElo "1967"]
[BlackElo "1747"]
[PlyCount "73"]
[EventDate "2014.01.11"]
[WhiteTeam "The Full Ponty"]
[BlackTeam "Midland Monarchs"]

1. e4 Nc6 2. Nf3 d6 3. d4 Nf6 4. Nc3 Bg4 5. Be3 e5 6. d5 Ne7 7. h3 Bd7 8. g4 h6
9. Qd3 a6 10. a4 Ng6 11. a5 Be7 12. Bg2 O-O 13. O-O Nh7 14. Ne2 Qc8 15. c4 c5
16. Qd2 f6 17. Ng3 Rf7 18. Nf5 Bxf5 19. gxf5 Ngf8 20. Nh4 Nd7 21. Kh2 Bf8 22.
Ng6 b6 23. axb6 Nxb6 24. b3 Rfa7 25. Ra5 Qb7 26. h4 Rb8 27. Bf3 Nc8 28. Ra3 Nb6
29. Rg1 Nc8 30. Bh5 Qb4 31. Qc1 Rbb7 32. Bd2 Qb6 33. Ba5 Qxb3 34. Rxb3 Rxb3 35.
Qxh6 Ng5 36. Qh8+ Kf7 37. Qxf8# 1-0

[Event "4NCL Division 3s"]
[Site "Daventry Court ENG"]
[Date "2014.01.11"]
[Round "3.147"]
[White "Evans, Nicholas T"]
[Black "James, Dai"]
[Result "1/2-1/2"]
[WhiteElo "1802"]
[BlackElo "1996"]
[PlyCount "40"]
[EventDate "2014.01.11"]
[WhiteTeam "Midland Monarchs"]
[BlackTeam "The Full Ponty"]

1. d4 f5 2. Nf3 Nf6 3. g3 e6 4. c4 Be7 5. Bg2 d6 6. O-O O-O 7. Nc3 Ne4 8. Nxe4
fxe4 9. Nd2 d5 10. c5 Nc6 11. e3 e5 12. Nb3 Kh8 13. Bd2 exd4 14. Nxd4 Nxd4 15.
exd4 c6 16. b4 b6 17. Qa4 b5 18. Qd1 Bg5 19. a4 Ba6 20. a5 Qe7 1/2-1/2

[Event "4NCL Division 3s"]
[Site "Daventry Court ENG"]
[Date "2014.01.11"]
[Round "3.148"]
[White "Thomas, Gary"]
[Black "Mirza, Diana"]
[Result "0-1"]
[WhiteElo "1866"]
[BlackElo "1765"]
[PlyCount "146"]
[EventDate "2014.01.11"]
[WhiteTeam "The Full Ponty"]
[BlackTeam "Midland Monarchs"]

1. e4 c5 2. c3 Nf6 3. e5 Nd5 4. Bc4 e6 5. Nf3 Nc6 6. O-O d6 7. Bxd5 exd5 8. Re1
Be7 9. exd6 Qxd6 10. d4 O-O 11. Be3 c4 12. Nbd2 Bg4 13. h3 Bh5 14. Qc1 b5 15.
Ne5 Nxe5 16. dxe5 Qd7 17. Nf1 b4 18. Qd2 a5 19. Bg5 Bxg5 20. Qxg5 Bg6 21. Rad1
Rfd8 22. Rd4 h6 23. Qg3 Rab8 24. Ne3 Qc6 25. Ng4 bxc3 26. bxc3 Qe6 27. Ne3 Rd7
28. f4 Rb2 29. Rf1 Bf5 30. Rf2 Rb1+ 31. Kh2 Rc1 32. Nxf5 Qxf5 33. Qf3 Qb1 34.
f5 Rh1+ 35. Kg3 Qe1 36. e6 fxe6 37. fxe6 Qxe6 38. Qf8+ Kh7 39. Qf5+ Qxf5 40.
Rxf5 Rc1 41. Rf3 Rc2 42. h4 Rxa2 43. h5 Re2 44. Rd1 Re5 45. Kh4 a4 46. Rb1 Rd8
47. Rb7 Ra8 48. Rff7 Rg5 49. Ra7 Rxa7 50. Rxa7 Rxg2 51. Rxa4 Kg8 52. Ra5 Rg5
53. Ra7 Kf8 54. Rd7 Ke8 55. Ra7 Kf8 56. Rd7 Re5 57. Kg4 Re3 58. Rxd5 Rxc3 59.
Kf5 Ke7 60. Rc5 Kd6 61. Rc8 Kd5 62. Rd8+ Kc5 63. Kg6 Rg3+ 64. Kh7 c3 65. Rd7
Kb4 66. Rb7+ Ka3 67. Rc7 Kb2 68. Rb7+ Kc1 69. Rxg7 Rxg7+ 70. Kxg7 c2 71. Kxh6
Kb1 72. Kg7 c1=Q 73. h6 Qg5+ 0-1

[Event "4NCL Division 3s"]
[Site "Daventry Court ENG"]
[Date "2014.01.11"]
[Round "3.155"]
[White "Briscoe, Chris"]
[Black "Ruthen, Stephen W"]
[Result "1/2-1/2"]
[WhiteElo "2215"]
[BlackElo "2049"]
[PlyCount "97"]
[EventDate "2014.01.11"]
[WhiteTeam "Surbiton"]
[BlackTeam "Iceni 1"]

1. c4 Nf6 2. g3 g6 3. Nc3 Bg7 4. Bg2 d6 5. e4 O-O 6. Nge2 c5 7. d3 Nc6 8. O-O
Bg4 9. f3 Bd7 10. Be3 Ne8 11. Qd2 Nc7 12. Bh6 Ne6 13. Bxg7 Kxg7 14. f4 Ned4 15.
f5 f6 16. Nxd4 Nxd4 17. Ne2 b5 18. Nxd4 cxd4 19. e5 dxe5 20. Bxa8 Qxa8 21. fxg6
hxg6 22. cxb5 Bxb5 23. a4 Bc6 24. Rfc1 Qe8 25. Rc5 Qd7 26. Rac1 Ba8 27. Kf1 Qb7
28. Qf2 Qb3 29. Rc7 Qxd3+ 30. Qe2 Qf5+ 31. Qf2 Qd3+ 32. Ke1 Re8 33. Rxa7 Bf3
34. Qd2 Qe4+ 35. Kf2 Qf5 36. Kg1 g5 37. Qb4 Qe6 38. Qb5 Kf7 39. Qd3 Qb6 40.
Rcc7 e4 41. Qc4+ Kg6 42. Rcb7 Qd6 43. Rd7 Qe5 44. Qxd4 Qxd4+ 45. Rxd4 e5 46.
Rdd7 Rb8 47. Rab7 Rc8 48. Rdc7 Rd8 49. Rd7 1/2-1/2

[Event "4NCL Division 3s"]
[Site "Daventry Court ENG"]
[Date "2014.01.11"]
[Round "3.157"]
[White "Henderson, Ian R"]
[Black "Donaghay, Richard H"]
[Result "1/2-1/2"]
[WhiteElo "2058"]
[BlackElo "1974"]
[PlyCount "58"]
[EventDate "2014.01.11"]
[WhiteTeam "Surbiton"]
[BlackTeam "Iceni 1"]

1. d4 d6 2. c4 e5 3. dxe5 dxe5 4. Qxd8+ Kxd8 5. Nf3 f6 6. Nc3 c6 7. b3 Bb4 8.
Bb2 Bf5 9. O-O-O+ Kc7 10. e3 Nd7 11. h3 Ne7 12. Nh4 Be6 13. Bd3 a5 14. Bc2 Nc5
15. f4 Bxc3 16. Bxc3 e4 17. g4 a4 18. Kb2 axb3 19. axb3 Rhd8 20. Bb4 b6 21.
Bxc5 bxc5 22. Bxe4 Rdb8 23. Nf5 Bxc4 24. Nxe7 Rxb3+ 25. Kc2 Ra2+ 26. Kc1 Ra1+
27. Kc2 Ra2+ 28. Kc1 Ra1+ 29. Kc2 Ra2+ 1/2-1/2

[Event "4NCL Division 3s"]
[Site "Daventry Court ENG"]
[Date "2014.01.11"]
[Round "3.165"]
[White "Hosken, Nigel K"]
[Black "Tippleston, Charles E"]
[Result "1/2-1/2"]
[WhiteElo "2137"]
[BlackElo "2122"]
[PlyCount "69"]
[EventDate "2014.01.11"]
[WhiteTeam "Gloucestershire Gambits"]
[BlackTeam "MK Phoenix 1"]

1. d4 Nf6 2. c4 e6 3. g3 d5 4. Bg2 dxc4 5. Nf3 Be7 6. O-O O-O 7. Qc2 a6 8. Rd1
b5 9. Ne5 Nd5 10. b3 cxb3 11. axb3 Bb7 12. Bd2 Qc8 13. Nd3 Nf6 14. Nc5 Bxg2 15.
Kxg2 Nbd7 16. b4 Nxc5 17. dxc5 c6 18. Be1 Rd8 19. Nd2 Nd5 20. Nb3 Bf6 21. Ra2
Ra7 22. e4 Ne7 23. Rxd8+ Qxd8 24. Bc3 Ng6 25. h4 Ne5 26. Na5 Qc8 27. Bxe5 Bxe5
28. Ra3 Bd4 29. Rd3 e5 30. Nb3 Rd7 31. Qd2 Qd8 32. Na5 Qc7 33. Nb3 Qd8 34. Na5
Qc7 35. Nb3 1/2-1/2

[Event "4NCL Division 3s"]
[Site "Daventry Court ENG"]
[Date "2014.01.11"]
[Round "3.166"]
[White "Habershon, Paul F"]
[Black "Lambourne, Daniel M"]
[Result "1-0"]
[WhiteElo "2076"]
[BlackElo "2019"]
[PlyCount "121"]
[EventDate "2014.01.11"]
[WhiteTeam "MK Phoenix 1"]
[BlackTeam "Gloucestershire Gambits"]

1. e4 c5 2. Nc3 d6 3. f4 Nf6 4. Nf3 Nc6 5. Bb5 Bd7 6. O-O Nd4 7. Bxd7+ Qxd7 8.
d3 Nxf3+ 9. Qxf3 Qc6 10. Kh1 h5 11. a4 a6 12. Bd2 e6 13. a5 Be7 14. f5 Kd7 15.
Na4 Rae8 16. Nb6+ Kc7 17. b4 cxb4 18. Bxb4 e5 19. Rfb1 Nd7 20. Nd5+ Kd8 21. Ba3
Kc8 22. Rb3 Bd8 23. Rc3 Nc5 24. Bb4 Kb8 25. Qe3 Be7 26. Rb1 Bf8 27. Nb6 g6 28.
Bxc5 dxc5 29. Nd5 gxf5 30. Rb6 f4 31. Qc1 Qc8 32. Rcb3 Rh6 33. Rxb7+ Qxb7 34.
Rxb7+ Kxb7 35. Qb2+ Ka7 36. h3 Rg6 37. Qb3 Rb8 38. Nb6 Re6 39. Qd5 Be7 40. Qd7+
Rb7 41. Qe8 Rexb6 42. axb6+ Kxb6 43. Qxf7 Bh4 44. Qxh5 Bg3 45. Qxe5 a5 46. Qf6+
Ka7 47. Qa1 Ka6 48. Kg1 Rb4 49. Kf1 Kb5 50. c4+ Kc6 51. Qf6+ Kd7 52. Qf5+ Ke8
53. Qxc5 Rb1+ 54. Ke2 Rb2+ 55. Kd1 Rxg2 56. e5 Ra2 57. e6 Ra1+ 58. Kc2 Re1 59.
Qd6 Re2+ 60. Kb3 a4+ 61. Ka3 1-0

[Event "4NCL Division 3s"]
[Site "Daventry Court ENG"]
[Date "2014.01.11"]
[Round "3.168"]
[White "Fraser-Mitchell, Jeremy N"]
[Black "Meade, Philip J"]
[Result "0-1"]
[WhiteElo "2061"]
[BlackElo "1909"]
[PlyCount "46"]
[EventDate "2014.01.11"]
[WhiteTeam "MK Phoenix 1"]
[BlackTeam "Gloucestershire Gambits"]

1. d4 Nf6 2. f3 d5 3. e4 dxe4 4. Nc3 exf3 5. Nxf3 Bg4 6. h3 Bh5 7. g4 Bg6 8.
Ne5 e6 9. Bg2 c6 10. Bg5 Be7 11. Nxg6 hxg6 12. O-O Nbd7 13. Qe2 Qa5 14. Bd2 Qb6
15. Kh1 Qxd4 16. Rae1 Qxg4 17. Qd3 Qh5 18. Bf4 O-O 19. Ne4 Rad8 20. Ng5 Nd5 21.
Bxd5 cxd5 22. Qg3 Nc5 23. Kg2 Rc8 0-1

[Event "4NCL Division 3s"]
[Site "Daventry Court ENG"]
[Date "2014.01.11"]
[Round "3.169"]
[White "Taylor, Geoffrey P"]
[Black "Smith, Graham M"]
[Result "0-1"]
[WhiteElo "1895"]
[BlackElo "2045"]
[PlyCount "38"]
[EventDate "2014.01.11"]
[WhiteTeam "Gloucestershire Gambits"]
[BlackTeam "MK Phoenix 1"]

1. e4 c5 2. Nf3 Nc6 3. d4 cxd4 4. Nxd4 Qb6 5. c3 Nf6 6. f3 e5 7. Nb3 d6 8. Na3
Be6 9. c4 Be7 10. Nc2 Nb4 11. Ne3 Rc8 12. Bd2 O-O 13. Be2 Nh5 14. Nd5 Nxd5 15.
cxd5 Bh4+ 16. g3 Nxg3 17. Bg5 Nf5+ 18. Bxh4 Nxh4 19. dxe6 Ng2+ 0-1

[Event "4NCL Division 3s"]
[Site "Daventry Court ENG"]
[Date "2014.01.11"]
[Round "3.178"]
[White "Szymanski, Mark"]
[Black "Peck, Silas"]
[Result "1/2-1/2"]
[WhiteElo "1822"]
[BlackElo "1839"]
[PlyCount "158"]
[EventDate "2014.01.11"]
[WhiteTeam "Iceni 2"]
[BlackTeam "Anglian Avengers 3"]

1. c4 e5 2. g3 Nf6 3. Bg2 d5 4. cxd5 Nxd5 5. Nf3 Nc6 6. O-O Be7 7. d4 exd4 8.
Nxd4 O-O 9. Nxc6 bxc6 10. a3 Rb8 11. Qc2 Bb7 12. Rd1 Qc8 13. e4 Nf6 14. Nc3 Qe6
15. h3 Bc5 16. Re1 Bb6 17. Na4 Rbd8 18. Nc5 Bxc5 19. Qxc5 a6 20. Bf4 Rd7 21.
Rac1 Rfd8 22. Be5 Re7 23. Bc3 Nd7 24. Qa7 Ba8 25. Qxc7 Rde8 26. Qf4 f6 27. Rcd1
Ne5 28. Qd2 c5 29. Qc2 c4 30. Bxe5 fxe5 31. Rc1 Rc7 32. Bf1 Kh8 33. Qe2 Rec8
34. Rc3 h6 35. Rec1 a5 36. f3 Bb7 37. Qc2 Qb6+ 38. Qf2 Qxf2+ 39. Kxf2 Rd7 40.
Ke3 Ba6 41. Bxc4 Bxc4 42. Rxc4 Rcd8 43. Rc8 Rd3+ 44. Ke2 Rd2+ 45. Ke1 Kh7 46.
Rxd8 Rxd8 47. Rc3 a4 48. Ke2 Rb8 49. Rc2 Rb3 50. Kf2 h5 51. h4 Kg6 52. Kg2 Kf6
53. Rc6+ Kf7 54. Ra6 Rxb2+ 55. Kh3 Rb3 56. Rxa4 Rxf3 57. Kg2 Rb3 58. Ra5 Kf6
59. Ra6+ Kf7 60. Ra7+ Kf6 61. Ra8 Kf7 62. a4 Re3 63. a5 Rxe4 64. a6 Ra4 65. Kf3
Ke7 66. a7 Kf7 67. Ke3 Ra6 68. Ke4 Ra5 69. Kd3 Ra4 70. Ke3 Ra1 71. Ke4 Ra5 72.
Rh8 Rxa7 73. Rxh5 Ra4+ 74. Ke3 Kf6 75. Rg5 g6 76. Kf3 Ra3+ 77. Ke4 Ra4+ 78. Kf3
Ra3+ 79. Ke4 Ra4+ 1/2-1/2

[Event "4NCL Division 3s"]
[Site "Daventry Court ENG"]
[Date "2014.01.11"]
[Round "3.185"]
[White "Burke, Mitchell R"]
[Black "Twigge-Molecey, Billy"]
[Result "1/2-1/2"]
[WhiteElo "1989"]
[BlackElo "1775"]
[PlyCount "74"]
[EventDate "2014.01.11"]
[WhiteTeam "3Cs 2"]
[BlackTeam "Sussex Smart Survivors 2"]

1. e4 e5 2. Nf3 Nc6 3. Bb5 a6 4. Bxc6 dxc6 5. O-O f6 6. d4 Bg4 7. c3 Bd6 8.
Nbd2 Ne7 9. Nc4 Be6 10. Qd3 Ng6 11. dxe5 Nxe5 12. Nfxe5 Bxe5 13. Nxe5 fxe5 14.
Qg3 Qd7 15. Be3 O-O-O 16. Qxe5 h6 17. Qc5 b6 18. Qb4 c5 19. Qa3 Kb7 20. b4 cxb4
21. Qxb4 Qc6 22. Rfb1 Bc4 23. f3 Rd7 24. a4 Be6 25. Qb2 Rhd8 26. Bd4 Qd6 27.
Qf2 Ka8 28. Qe2 Kb7 29. Qf2 Ka8 30. h3 Qc6 31. Rb4 a5 32. Rb2 Bc4 33. Qc2 Qe6
34. Rab1 Qc6 35. Kh1 Qe6 36. Qf2 Qc6 37. Qc2 Qe6 1/2-1/2

[Event "4NCL Division 3s"]
[Site "Daventry Court ENG"]
[Date "2014.01.11"]
[Round "3.186"]
[White "Woods, Timothy J"]
[Black "Abbas, Daniel"]
[Result "0-1"]
[WhiteElo "1795"]
[BlackElo "1977"]
[PlyCount "76"]
[EventDate "2014.01.11"]
[WhiteTeam "Sussex Smart Survivors 2"]
[BlackTeam "3Cs 2"]

1. e4 c5 2. Nf3 e6 3. d4 cxd4 4. Nxd4 a6 5. Bd3 Bc5 6. Nb3 Ba7 7. O-O Nc6 8.
Qe2 d6 9. Be3 Nf6 10. Bxa7 Rxa7 11. f4 e5 12. f5 O-O 13. Nc3 b5 14. g4 d5 15.
g5 Nxe4 16. Nxe4 dxe4 17. Bxe4 Qxg5+ 18. Kh1 Nd4 19. Nxd4 exd4 20. f6 g6 21.
Qf3 Re8 22. Rae1 Be6 23. Rg1 Qh4 24. Bc6 Rc8 25. Re4 Qh6 26. Rxd4 Qf8 27. Rgd1
h6 28. Bd5 Bxd5 29. Rxd5 Rac7 30. c3 b4 31. cxb4 Qxb4 32. Rd8+ Kh7 33. Rxc8
Rxc8 34. Qd5 Rc7 35. Qe5 Qb7+ 36. Kg1 Rc2 37. Qd5 Qb6+ 38. Kh1 Qxf6 0-1

[Event "4NCL Division 3s"]
[Site "Daventry Court ENG"]
[Date "2014.01.11"]
[Round "3.187"]
[White "Lea, Daniel J"]
[Black "Blake, J Morgan"]
[Result "1-0"]
[WhiteElo "1929"]
[BlackElo "1675"]
[PlyCount "65"]
[EventDate "2014.01.11"]
[WhiteTeam "3Cs 2"]
[BlackTeam "Sussex Smart Survivors 2"]

1. d4 Nf6 2. c4 c5 3. d5 b5 4. cxb5 a6 5. bxa6 g6 6. Nc3 Bg7 7. Nf3 O-O 8. e4
d6 9. h3 Nxa6 10. Be2 Qb6 11. O-O Nd7 12. Nd2 Rb8 13. Nc4 Qa7 14. Bd2 Ne5 15.
b3 f5 16. f3 Nxc4 17. Bxc4 Nc7 18. Qe2 f4 19. Rab1 Ba6 20. Bxa6 Nxa6 21. Kh2
Nb4 22. a4 Qb7 23. Nb5 Na6 24. Qc4 Nc7 25. Nxc7 Qxc7 26. b4 Rbc8 27. b5 Be5 28.
a5 Ra8 29. a6 Rfb8 30. b6 Qd7 31. b7 Ra7 32. Ba5 Raxb7 33. axb7 1-0

[Event "4NCL Division 3s"]
[Site "Daventry Court ENG"]
[Date "2014.01.11"]
[Round "3.190"]
[White "Finn, Thomas"]
[Black "Gittens, Nathan L"]
[Result "0-1"]
[WhiteElo "1536"]
[BlackElo "1850"]
[PlyCount "90"]
[EventDate "2014.01.11"]
[WhiteTeam "Sussex Smart Survivors 2"]
[BlackTeam "3Cs 2"]

1. f4 d5 2. e3 Nf6 3. Nf3 g6 4. b3 Bg7 5. Bb2 O-O 6. d3 c5 7. Nbd2 Nc6 8. Qe2
Nb4 9. Nb1 b6 10. a3 Nc6 11. Nbd2 Ba6 12. g3 Rc8 13. Bh3 e6 14. g4 d4 15. e4
Qc7 16. f5 exf5 17. gxf5 Rce8 18. O-O-O Nd5 19. Qf2 Nf4 20. Bg2 Bxd3 21. Qh4
Nxg2 22. Qg5 Bxc2 23. Kxc2 Ne3+ 24. Kb1 Nxd1 25. Rxd1 Ne5 26. f6 Bh8 27. Nh4
Nd7 28. Rf1 Bxf6 29. Rxf6 Nxf6 30. Qxf6 Qe5 31. Qf2 Re6 32. Qg2 Qh5 33. Nf5 Kh8
34. Ng3 Qd1+ 35. Ka2 Qc2 36. Qh3 Qxd2 37. Qh4 Qf2 38. Qh6 Rfe8 39. a4 Qf6 40.
Bc1 b5 41. Bg5 Qf2+ 42. Ka1 Qe1+ 43. Kb2 bxa4 44. Bd2 Qd1 45. bxa4 Rb6+ 0-1

[Event "4NCL Division 3s"]
[Site "Daventry Court ENG"]
[Date "2014.01.11"]
[Round "3.195"]
[White "Buttell, David"]
[Black "McEwan, Ken B"]
[Result "1/2-1/2"]
[WhiteElo "1883"]
[BlackElo "2086"]
[PlyCount "68"]
[EventDate "2014.01.11"]
[WhiteTeam "Celtic Tigers 2"]
[BlackTeam "Broadland"]

1. d4 Nf6 2. c4 e6 3. Nf3 b6 4. g3 Bb7 5. Bg2 d6 6. O-O Nbd7 7. Nc3 g6 8. Re1
Bg7 9. e4 e5 10. d5 O-O 11. b4 a5 12. b5 Nc5 13. Ba3 Nfd7 14. Nd2 f5 15. Nb3
Nxe4 16. Nxe4 fxe4 17. Nd2 Nf6 18. Nxe4 Nxe4 19. Bxe4 Bc8 20. Qe2 Bf5 21. Bc1
Qf6 22. Qf3 Rf7 23. a4 Raf8 24. Ra2 Qd8 25. Qd3 Qd7 26. Be3 Bxe4 27. Qxe4 Qh3
28. Qg2 Qg4 29. Qf1 Rf3 30. Kg2 R8f5 31. Qe2 Qe4 32. Kg1 Qg4 33. Kg2 Qe4 34.
Kg1 Qg4 1/2-1/2

[Event "4NCL Division 3s"]
[Site "Daventry Court ENG"]
[Date "2014.01.11"]
[Round "3.197"]
[White "Rumsey, Victor B"]
[Black "Hughes, Roy"]
[Result "0-1"]
[WhiteElo "1857"]
[BlackElo "2027"]
[PlyCount "38"]
[EventDate "2014.01.11"]
[WhiteTeam "Celtic Tigers 2"]
[BlackTeam "Broadland"]

1. d4 d5 2. c4 c6 3. Nc3 Nf6 4. Nf3 Bf5 5. cxd5 cxd5 6. Qb3 Nc6 7. Qxb7 Bd7 8.
Nb5 Rc8 9. Bf4 e5 10. dxe5 Ne4 11. e6 Bb4+ 12. Nd2 fxe6 13. a3 Bxd2+ 14. Bxd2
O-O 15. Be3 Qa5+ 16. Kd1 Rfd8 17. f3 Rb8 18. Qc7 Qxb5 19. fxe4 Qb3+ 0-1

[Event "4NCL Division 3s"]
[Site "Daventry Court ENG"]
[Date "2014.01.11"]
[Round "3.205"]
[White "Gostelow, David W"]
[Black "Freeman, Richard CP"]
[Result "1/2-1/2"]
[WhiteElo "2042"]
[BlackElo "2030"]
[PlyCount "25"]
[EventDate "2014.01.11"]
[WhiteTeam "Shropshire"]
[BlackTeam "MK Phoenix 2"]

1. d4 g6 2. Nf3 Bg7 3. Bf4 d6 4. e3 Nd7 5. h3 e5 6. dxe5 dxe5 7. Bg5 Bf6 8.
Bxf6 Ngxf6 9. Nc3 Qe7 10. Bc4 O-O 11. Qe2 Nb6 12. Bb3 Be6 13. Bxe6 1/2-1/2

[Event "4NCL Division 3s"]
[Site "Daventry Court ENG"]
[Date "2014.01.11"]
[Round "3.207"]
[White "Tarr, Steve F"]
[Black "Majer, Chris E"]
[Result "1-0"]
[WhiteElo "1728"]
[BlackElo "2006"]
[PlyCount "105"]
[EventDate "2014.01.11"]
[WhiteTeam "Shropshire"]
[BlackTeam "MK Phoenix 2"]

1. d4 Nf6 2. Bf4 b6 3. e3 Bb7 4. Nd2 e6 5. Ngf3 c5 6. c3 d6 7. Be2 Be7 8. h3
Nbd7 9. O-O Rc8 10. a4 a5 11. Qb3 Qc7 12. Bb5 O-O 13. Bg5 Bc6 14. Bxc6 Qxc6 15.
Nb1 h6 16. Bf4 Nd5 17. Bh2 Nc7 18. Re1 Nf6 19. Nbd2 Rfd8 20. e4 Nd7 21. d5 Qb7
22. Nc4 exd5 23. exd5 Bf8 24. Bxd6 Qxd5 25. Rad1 Qf5 26. Bxf8 Nxf8 27. Nd6 Rxd6
28. Rxd6 Na8 29. Re5 Qf4 30. Red5 Ne6 31. Rd7 Qe4 32. Qd1 Nac7 33. Re5 Qf4 34.
g3 Qc4 35. Re1 Rf8 36. Ne5 Qa6 37. Qf3 Qa8 38. Rxf7 Qxf3 39. Rxf3 Re8 40. Ng6
Rd8 41. Rfe3 Ng5 42. h4 Nf7 43. Re7 Nd5 44. Re8+ Rxe8 45. Rxe8+ Kh7 46. h5 Nf6
47. Rb8 Nxh5 48. Nf8+ Kg8 49. g4 Nf6 50. Nd7+ Kh7 51. Nxf6+ gxf6 52. Rxb6 Kg6
53. f4 1-0

[Event "4NCL Division 3s"]
[Site "Daventry Court ENG"]
[Date "2014.01.11"]
[Round "3.208"]
[White "Martinez Villena, David"]
[Black "Pugh, Glyn D"]
[Result "1-0"]
[WhiteElo "1986"]
[BlackElo "1865"]
[PlyCount "73"]
[EventDate "2014.01.11"]
[WhiteTeam "MK Phoenix 2"]
[BlackTeam "Shropshire"]

1. e4 e6 2. d4 d5 3. Nc3 Bb4 4. e5 Ne7 5. Qg4 c5 6. a3 Qa5 7. Bd2 Nbc6 8. Nf3
h5 9. Qf4 Nf5 10. dxc5 Bxc3 11. Bxc3 Qxc5 12. Bd3 d4 13. Bd2 Bd7 14. Rc1 Nce7
15. O-O Bc6 16. Bb4 Qd5 17. Bxe7 Nxe7 18. Qxd4 Qxd4 19. Nxd4 O-O-O 20. Nxc6
Nxc6 21. f4 g6 22. Rcd1 Kc7 23. c3 a6 24. a4 Ne7 25. Be4 Nd5 26. Bxd5 exd5 27.
Rd4 b5 28. axb5 axb5 29. Ra1 Kb6 30. Kf2 Rd7 31. Ke3 Re8 32. Kd2 Re6 33. Ra8 f6
34. exf6 Rxf6 35. Re8 g5 36. fxg5 Rf2+ 37. Re2 1-0

[Event "4NCL Division 3s"]
[Site "Daventry Court ENG"]
[Date "2014.01.11"]
[Round "3.209"]
[White "Lewis, Christopher D"]
[Black "Elwin, Adrian G"]
[Result "0-1"]
[WhiteElo "1755"]
[BlackElo "1961"]
[PlyCount "62"]
[EventDate "2014.01.11"]
[WhiteTeam "Shropshire"]
[BlackTeam "MK Phoenix 2"]

1. e4 c6 2. f4 d5 3. e5 e6 4. Nf3 c5 5. d3 Nc6 6. Be2 Be7 7. O-O Nh6 8. Kh1 f6
9. Nc3 O-O 10. Qe1 Nf5 11. Bd1 Bd7 12. Ne2 fxe5 13. fxe5 Qe8 14. c3 Rc8 15. Bb3
b5 16. Nf4 c4 17. dxc4 bxc4 18. Bc2 g6 19. Qe2 Ng7 20. Nh3 Nd8 21. Be3 a6 22.
Rad1 Nf5 23. Bc1 Nf7 24. Qe1 Bc6 25. Nhg5 Nxg5 26. Nxg5 Qd7 27. g4 Ng7 28. Nf3
d4 29. Rxd4 Rxf3 30. Rxf3 Bxf3+ 31. Kg1 Bc5 0-1